Hai Coocking (Record no. 370965)

MARC details
000 -LEADER
fixed length control field 00448nam a2200181Ia 4500
005 - DATE AND TIME OF LATEST TRANSACTION
control field 20260516173128.0
008 - FIXED-LENGTH DATA ELEMENTS--GENERAL INFORMATION
fixed length control field 260514s9999 xx 000 0 und d
020 ## - INTERNATIONAL STANDARD BOOK NUMBER
International Standard Book Number 9788179913284
041 ## - LANGUAGE CODE
Language code of text/sound track or separate title eng
082 ## - DEWEY DECIMAL CLASSIFICATION NUMBER
Classification number 641.59593 KAP B2325
100 ## - MAIN ENTRY--PERSONAL NAME
Author Kapoor Sanjeev
245 ## - TITLE STATEMENT
Title Hai Coocking
260 ## - PUBLICATION, DISTRIBUTION, ETC.
Name of publisher, distributor, etc. Popular Prakashan
Place of publication, distribution, etc. Mumbai
500 ## - GENERAL NOTE
Keywords HM
650 ## - SUBJECT ADDED ENTRY--TOPICAL TERM
Topical term or geographic name entry element Hospitality Industry
651 ## - SUBJECT ADDED ENTRY--GEOGRAPHIC NAME
Geographic name Thai Cuisine
942 ## - ADDED ENTRY ELEMENTS (KOHA)
Koha item type Books
Holdings
Withdrawn status Lost status Damaged status Not for loan Collection code Home library Current library Date acquired Net Price Bill number Total Checkouts Full call number Barcode Date last seen Actual Price Bill Date Koha item type Original Barcode
        Hotel Management Manilal Nanavati Vocational Training Institute Pune Manilal Nanavati Vocational Training Institute Pune 27/03/2026 99.00 WORDI/2025/CRB/2628   641.59593 KAP B2325 MNVT-BK-2325 14/05/2026 74.25 20/03/2026 Books B2325